000 01155naa a22002897a 4500
001 BR8403059
003 BR-BrBNA
005 20240918175431.0
007 ta
008 230509b bl.||||| |||| 00| 0 por d
040 _aBR-BrBNA
_bpor
_cBiblioteca Nacional de Agricultura
041 _a(Pt)
072 _aP05
090 _aP05 BR8403059
100 1 _aBertoletti, S.D.
111 1 _a1. Encontro sobre Biogas Automotivo para a Empresa Rural
_cLondrina, PR (Brazil)
_d10-11 Apr 1984
245 1 _aAtual estadio da tecnologia dos kits da Rodogas para veiculos [biogas, metano, combustivel, recurso energetico]
260 3 _aBrasilia, DF (Brasil):
_c1984.
500 _aColetanea dos trabalhos apresentados no 1. Encontro sobre Biogas Automotivo para a Empresa Rural Brasilia, DF (Brasil): 1984. p. 49-54 (BR8403059-AM)P05
650 _aBIOGAS
650 _aMETANO
650 _aCOMBUSTIVEL
650 _aMOTOR
773 0 _tColetanea dos trabalhos apresentados no 1. Encontro sobre Biogas Automotivo para a Empresa Rural
_wP05 BR8403059
_gBrasilia, DF (Brasil), 1984. p. 49-54
909 _a202404
_bLucia
_c55
_dLucia Elande
942 _cAM
_2AGRIS
999 _c316688
_d316688